LEADER 00984nam0-22003011i-450- 001 990007789330403321 010 $a88-14-08914-0 035 $a000778933 035 $aFED01000778933 035 $a(Aleph)000778933FED01 035 $a000778933 100 $a20021010d--------km-y0itay50------ba 101 0 $aita 200 1 $a<>accertamento della filiazione naturale$eIl giudizio di ammissibilità e di merito. La prova del DNA. La fecondazioneartificiale eterologa. Il procedimento comparato con 11 stati esteri$fRoberto Thomas 210 $aMilano$cGiuffrè$d2001 215 $a244 p.$d24 cm 225 1 $aTeoria e pratica del diritto$v95 610 0 $aFILIAZIONE naturale 676 $a346.015 700 1$aThomas,$bRoberto$0264135 801 0$aIT$bUNINA$gRICA$2UNIMARC 901 $aBK 912 $a990007789330403321 952 $a10-C-594$b12282$fDDCP 959 $aDDCP 996 $aAccertamento della filiazione naturale$9145050 997 $aUNINA DB $aGEN01 LEADER 03684nam 22006015 450 001 9910255247003321 005 20251209163900.0 010 $a9781137594754 010 $a1137594756 024 7 $a10.1057/978-1-137-59475-4 035 $a(CKB)3710000000657619 035 $a(DE-He213)978-1-137-59475-4 035 $a(MiAaPQ)EBC4720589 035 $a(Perlego)3491812 035 $a(EXLCZ)993710000000657619 100 $a20160509d2016 u| 0 101 0 $aeng 135 $aurnn#008mamaa 181 $ctxt$2rdacontent 182 $cc$2rdamedia 183 $acr$2rdacarrier 200 10$aAdapting War Horse $eCognition, the Spectator, and a Sense of Play /$fby Toby Malone, Christopher J. Jackman 205 $a1st ed. 2016. 210 1$aLondon :$cPalgrave Macmillan UK :$cImprint: Palgrave Macmillan,$d2016. 215 $a1 online resource (XIII, 113 p. 3 illus. in color.) 225 1 $aPalgrave Pivot 311 08$a9781137594747 311 08$a1137594748 320 $aIncludes bibliographical references and index. 327 $aIntroduction. Playing the War Horse Game.-Chapter 1. ?We Get to Know Him? -- Chapter 2. ?Making Fit? -- Chapter 3. Spectatorship as Embodied Practice -- Chapter 4. Animated Horse-Play -- Chapter 5. Emotional Promises -- Chapter 6. Tour Horse -- Works Cited. 330 $aThis book analyses the success and adaptation of Michael Morpurgo?s novel War Horse to stage, radio, live events, and feature film, in different cultures, on tours, and in translation. In under a decade, War Horse has gone from obscure children?s novel to arguably one of the world?s most recognisable theatrical brands, thanks to innovative puppet designs from South Africa?s Handspring Puppet Company in an acclaimed stage production from the National Theatre of Great Britain. With emphasis on embodied spectatorship, collaborative meaning-making, and imaginative ?play,? this book generates fresh insights into the enduring popularity of the franchise?s eponymous protagonist, Joey, offering the most in-depth study of War Horse to date. Toby Malone is a graduate of the University of Toronto?s Graduate Centre for Study of Drama, Theatre, and Performance Studies, and is currently a faculty member at the University of Waterloo, Canada. Previous publications include Shakespeare Survey, Literature/Film Quarterly, Canadian Theatre Review, Borrowers and Lenders and The Routledge Companion to Dramaturgy. Christopher J. Jackman is a graduate of the University of Toronto?s Graduate Centre for Study of Drama, Theatre, and Performance Studies, and is an alumnus of Massey College, Canada. He is currently Chair of Arts and Design at Centennial College in Toronto, has developed Centennial?s performing arts certificate programme, and remains an active director and performer. . 410 0$aPalgrave pivot. 606 $aPerforming arts 606 $aTheater 606 $aChildren's literature 606 $aMotion pictures$zGreat Britain 606 $aTheatre and Performance Arts 606 $aChildren's Literature 606 $aBritish Film and TV 615 0$aPerforming arts. 615 0$aTheater. 615 0$aChildren's literature. 615 0$aMotion pictures 615 14$aTheatre and Performance Arts. 615 24$aChildren's Literature. 615 24$aBritish Film and TV. 676 $a790 700 $aMalone$b Toby$4aut$4http://id.loc.gov/vocabulary/relators/aut$01059292 702 $aJackman$b Christopher J$4aut$4http://id.loc.gov/vocabulary/relators/aut 906 $aBOOK 912 $a9910255247003321 996 $aAdapting War Horse$92505219 997 $aUNINA